| 000 | 00679nam a2200253 a 4500 | ||
|---|---|---|---|
| 999 |
_c1013 _d1013 |
||
| 008 | 191120s2005 xxua|||g |||| 001 0 eng d | ||
| 020 |
_a9780684818221 _cRs. 599.00 |
||
| 040 |
_aKO _beng |
||
| 041 | 0 | _aeng | |
| 044 | _axxu | ||
| 082 | 0 | 4 |
_223 _a530.11 _bD2861 |
| 100 | 1 | _aDavies, Paul | |
| 245 | 1 | 0 |
_aAbout Time : _bEinstein's Unfinished Revolution / _cPaul Davies |
| 260 |
_aNew York : _bSimon & Schuster Paperbacks, _c2005 |
||
| 300 |
_a316 p. : _bill. ; _c24 cm. |
||
| 504 | _aIncludes index. | ||
| 600 | _aEinstein, Albert | ||
| 650 | 0 | _aSpace and time | |
| 650 | 0 | _aRelativity (Physics) | |
| 650 | 0 | _aAstrophysics | |
| 904 | _aS_JOY | ||
| 942 | _cBK | ||